| 000 -ლიდერი |
| ფიქსირებული სიგრძის საკონტროლო ველი |
00973nam a2200265Ia 4500 |
| 001 - საკონტროლო ნომერი |
| საკონტროლო ველი |
16369 |
| 003 - საკონტროლო ნომრის იდენტიფიკატორი |
| საკონტროლო ველი |
GE_BSU |
| 005 - ბოლო ოპერაციის თარიღი და დრო |
| საკონტროლო ველი |
20210922135447.0 |
| 008 - ფიქსირებული სიგრძის მონაცემთა ელემენტები - ზოგადი ინფორმაცია |
| ფიქსირებული სიგრძის საკონტროლო ველი |
181216s2015||||ru |||||||||||||| ||rus|| |
| 020 ## - წიგნის საერთაშორისო სტანდარტული ნომერი |
| International Standard Book Number |
9785222235256 |
| 040 ## - კატალოგიზაციის წყარო |
| Transcribing agency |
GE_BSU |
| 041 ## - ენის კოდი |
| Language code of text/sound track or separate title |
rus |
| 080 ## - უნივერსალური ათობითი კლასიფიკაციის ინდექსი |
| Universal Decimal Classification number |
621.6(075.8) К-70 |
| 100 ## - მთავარი ჩანაწერი - პიროვნების სახელი |
| Personal name |
Коршак, А. А. |
| 9 (RLIN) |
12527 |
| 245 ## - ცნობა სათაურის შესახებ |
| Title |
Нефтебазы и автозаправочные станции : |
| Remainder of title |
Учебное пособие / |
| Statement of responsibility, etc |
А. А. Коршак ; Отв. ред. А. Боравиков. |
| 264 ## - წარმოების, გამოცემის, დისტრიბუციის და სხვა ცნობები |
| გამოცემის, წარმოების, დისტრიბუციის... ადგილი |
Ростов на Дону : |
| გამოცემის, წარმოების, დისტრიბუციის... სახელწოდება |
Феникс, |
| გამოცემის, წარმოების, დისტრიბუციის... თარიღი |
2015. |
| 300 ## - ფიზიკური აღწერა |
| Extent |
494 стр. : |
| Other physical details |
илл. ; |
| Dimensions |
21см. |
| 440 ## - სერიის ცნობა / დამატებულია ჩანაწერი - სათაური |
| Title |
Высшее образование |
| 9 (RLIN) |
12528 |
| 504 ## - BIBLIOGRAPHY, ETC. NOTE |
| Bibliography, etc |
Библиогр. стр. : 489-490 |
| 653 ## - INDEX TERM--UNCONTROLLED |
| Uncontrolled term |
Нефтебазы и автозаправочные станции |
| 653 ## - INDEX TERM--UNCONTROLLED |
| Uncontrolled term |
ნავთობი |
| 700 ## - ADDED ENTRY--PERSONAL NAME |
| Personal name |
Боравиков, А. |
| Relator term |
Отв. ред. |
| 9 (RLIN) |
12529 |
| 942 ## - ADDED ENTRY ELEMENTS (KOHA) |
| Koha item type |
წიგნი |
| Source of classification or shelving scheme |
|